[Event "St Petersburg Korchnoi Memorial op"]
[Site "St Petersburg"]
[Date "2023.08.24"]
[Round "9"]
[White "Venskaya, Nika"]
[Black "Balandina, Alisa"]
[Result "1-0"]
[WhiteElo "1626"]
[BlackElo "1803"]
[PlyCount "95"]
[EventDate "2023.08.18"]
[EventType "swiss"]
[EventRounds "9"]
[EventCountry "RUS"]
[SourceTitle "EXT 2024"]
[Source "ChessBase"]
[SourceDate "2023.10.10"]
[SourceVersion "1"]
[SourceVersionDate "2023.10.10"]
[SourceQuality "1"]

1. d4 d5 2. Nf3 Nf6 3. e3 g6 4. b3 Bg7 5. Bb2 0-0 6. Bd3 b6 7. 0-0 Bb7 8. Nbd2 c5 9. c4 Nbd7 10. Rc1 Rc8 11. Re1 dxc4 12. bxc4 e5 13. d5 Ne8 14. e4 Nd6 15. a4 a5 16. Rb1 Ba6 17. Qc2 Qe7 18. g3 Rce8 19. Kg2 h5 20. Rbc1 Qd8 21. Nh4 Bh6 22. Kg1 Kh7 23. Rcd1 Bc8 24. Ndf3 f6 25. Qe2 Nb8 26. Nxg6 Kxg6 27. Nh4+ Kh7 28. Qxh5 Qe7 29. Qg6+ Kh8 30. Qxh6+ Qh7 31. Ng6+ Kg8 32. Qxh7+ Kxh7 33. Nxf8+ Rxf8 34. f4 Re8 35. Rc1 Bd7 36. Rb1 Na6 37. fxe5 fxe5 38. Bxe5 Rxe5 39. Rxb6 Nb4 40. Rxd6 Bxa4 41. Bb1 Bb3 42. Re6 Rxe6 43. dxe6 Kg7 44. Rf1 Bxc4 45. e7 Bf7 46. Rf5 a4 47. Rxc5 Be8 48. Rf5 1-0

[Event "BLR-ch U20 Girls"]
[Site "Minsk"]
[Date "2023.04.12"]
[Round "2"]
[White "Venskaya, Nika"]
[Black "Danchanka, Zlata"]
[Result "0-1"]
[WhiteElo "1635"]
[BlackElo "1745"]
[PlyCount "88"]
[EventDate "2023.04.12"]
[EventType "tourn"]
[EventRounds "9"]
[EventCountry "BLR"]
[SourceTitle "EXT 2024"]
[Source "ChessBase"]
[SourceDate "2023.10.10"]
[SourceVersion "1"]
[SourceVersionDate "2023.10.10"]
[SourceQuality "1"]

1. d4 Nf6 2. Nf3 e6 3. g3 d5 4. Bg2 c5 5. c4 Nc6 6. cxd5 Nxd5 7. 0-0 Be7 8. Nc3 Nxc3 9. bxc3 0-0 10. e4 cxd4 11. cxd4 b6 12. Bb2 Bb7 13. Qe2 Rc8 14. a3 Na5 15. Rac1 Qd7 16. Nd2 Bf6 17. e5 Bg5 18. f4 Bxg2 19. Qxg2 Be7 20. Qe2 Qd5 21. Ne4 Nc4 22. Bc3 Nxa3 23. Rcd1 Nb5 24. Ba1 Rc6 25. Qf3 Nc7 26. Rc1 Rxc1 27. Rxc1 Nb5 28. Rd1 Rd8 29. g4 Bc5 30. h3 Nxd4 31. Bxd4 Bxd4+ 32. Kh2 Rc8 33. Kg3 h6 34. Kh4 Rc4 35. Qe2 Qc6 36. Nd6 Rc2 37. Qd3 Bf2+ 38. Kh5 Rc3 39. Qf1 Qf3 40. Nxf7 Kh7 41. Ng5+ hxg5 42. Kxg5 Qxh3 43. Qxh3+ Rxh3 44. f5 Be3# 0-1

[Event "BLR-ch U20 Girls"]
[Site "Minsk"]
[Date "2022.04.21"]
[Round "10"]
[White "Poliakova, Varvara"]
[Black "Venskaya, Nika"]
[Result "1-0"]
[WhiteElo "2017"]
[BlackElo "1282"]
[PlyCount "51"]
[EventDate "2022.04.13"]
[EventType "tourn"]
[EventRounds "11"]
[EventCountry "BLR"]
[SourceTitle "CBM 208 Extra"]
[Source "ChessBase"]
[SourceDate "2022.07.31"]
[SourceVersion "1"]
[SourceVersionDate "2022.07.31"]
[SourceQuality "1"]

1. e4 d6 2. d4 g6 3. Nc3 Bg7 4. f4 c6 5. Nf3 Qc7 6. Be2 Nd7 7. Be3 b5 8. a3 a6 9. 0-0 Nh6 10. h3 0-0 11. f5 gxf5 12. Qd2 fxe4 13. Nh2 Nf5 14. Rxf5 Nf6 15. Rf2 Kh8 16. Raf1 Rg8 17. Ng4 Bd7 18. Nxf6 Bxf6 19. Nxe4 Bxh3 20. Nxf6 exf6 21. Kh2 Bg4 22. Rxf6 Qe7 23. Bd3 Bh5 24. Bg5 Qd7 25. Rh6 Bg6 26. Bf6+ 1-0

[Event "BLR-ch U20 Girls"]
[Site "Minsk"]
[Date "2022.04.18"]
[Round "7"]
[White "Venskaya, Nika"]
[Black "Liavonava, Yuliya"]
[Result "0-1"]
[WhiteElo "1282"]
[BlackElo "1481"]
[PlyCount "66"]
[EventDate "2022.04.13"]
[EventType "tourn"]
[EventRounds "11"]
[EventCountry "BLR"]
[SourceTitle "CBM 208 Extra"]
[Source "ChessBase"]
[SourceDate "2022.07.31"]
[SourceVersion "1"]
[SourceVersionDate "2022.07.31"]
[SourceQuality "1"]

1. d4 Nf6 2. Nf3 e6 3. e3 c5 4. b3 d5 5. Bb2 Nc6 6. a3 cxd4 7. exd4 Ne4 8. Bd3 Be7 9. 0-0 0-0 10. Nbd2 f5 11. Ne5 Nxe5 12. dxe5 Bc5 13. Nf3 Qb6 14. Qe2 a5 15. a4 Bd7 16. Rab1 h6 17. Ba1 Kh7 18. Rbd1 Rf7 19. g3 Bc6 20. Bxe4 dxe4 21. Nd4 Bxd4 22. Bxd4 Qc7 23. Qe3 g5 24. c4 f4 25. Qc3 Rg7 26. g4 Qf7 27. h3 f3 28. Be3 h5 29. Kh2 hxg4 30. hxg4 Kg6 31. Kg3 Rh7 32. Qc1 Rah8 33. Rh1 Rh3+ 0-1

[Event "BLR-ch U20 Girls"]
[Site "Minsk"]
[Date "2022.04.13"]
[Round "1"]
[White "Norman, Kseniya"]
[Black "Venskaya, Nika"]
[Result "1-0"]
[WhiteElo "1825"]
[BlackElo "1282"]
[PlyCount "101"]
[EventDate "2022.04.13"]
[EventType "tourn"]
[EventRounds "11"]
[EventCountry "BLR"]
[SourceTitle "CBM 208 Extra"]
[Source "ChessBase"]
[SourceDate "2022.07.31"]
[SourceVersion "1"]
[SourceVersionDate "2022.07.31"]
[SourceQuality "1"]

1. e4 d6 2. d4 Nf6 3. Nc3 g6 4. f4 Bg7 5. Nf3 c6 6. Bd3 Qb6 7. 0-0 Bg4 8. Ne2 Nfd7 9. c3 c5 10. Qa4 cxd4 11. cxd4 0-0 12. Be3 e5 13. Qb5 Qxb5 14. Bxb5 exd4 15. Bxd4 Bxd4+ 16. Nexd4 Nc5 17. Rae1 a6 18. Bc4 b5 19. Bd5 Ra7 20. Re3 Re7 21. b4 Ncd7 22. h3 Nf6 23. Bb3 Bxf3 24. gxf3 Nh5 25. Ne2 Rc8 26. Rd3 Rd8 27. Rfd1 Red7 28. Kf2 Kg7 29. a3 Kf8 30. Ke3 Ke7 31. Nc3 Nf6 32. Bd5 Kf8 33. a4 bxa4 34. Nxa4 Nxd5+ 35. Rxd5 Ke7 36. Rc1 Rb7 37. Rd4 Rdd7 38. Nc3 Kf8 39. Nd5 Rd8 40. Rdc4 Nd7 41. Rc6 Nb8 42. Rc8 Ke8 43. Kd3 h6 44. R1c4 h5 45. R8c7 Rb5 46. Re7+ Kf8 47. Rcc7 Rxd5+ 48. exd5 f5 49. Rh7 Kg8 50. Rcg7+ Kf8 51. Rh8+ 1-0

[Event "Motiva Online Blitz (Women)"]
[Site "Chess.com INT"]
[Date "2021.12.18"]
[Round "6"]
[White "Venskaya, Nika"]
[Black "February, Jesse Nikki"]
[Result "1/2-1/2"]
[WhiteElo "1296"]
[BlackElo "1845"]
[PlyCount "80"]
[EventDate "2021.12.18"]
[EventType "swiss (blitz)"]
[EventRounds "13"]
[EventCountry "USA"]
[SourceTitle "CBM 205 Extra"]
[Source "ChessBase"]
[SourceDate "2022.01.31"]
[SourceVersion "1"]
[SourceVersionDate "2022.01.31"]
[SourceQuality "1"]

1. d4 d5 2. Nf3 Nf6 3. e3 c5 4. b3 Nc6 5. Bb2 Bg4 6. Be2 e6 7. 0-0 Bd6 8. Ne5 Bxe2 9. Qxe2 0-0 10. f4 Ne4 11. Nd2 f5 12. Nxe4 fxe4 13. Qg4 Qe7 14. c4 Rf6 15. Nxc6 bxc6 16. dxc5 Bxc5 17. Bxf6 Bxe3+ 18. Kh1 Qxf6 19. Rae1 d4 20. f5 exf5 21. Rxf5 Qg6 22. Qxe4 Re8 23. Qf3 Qh6 24. Rh5 Qg6 25. Rf5 h6 26. g3 Qd6 27. Kg2 Qb4 28. Re2 Qc3 29. Qxc6 Rd8 30. Rd5 Rf8 31. Qe6+ Kh7 32. Qe4+ Kh8 33. Re5 Qc1 34. Rf5 Qg1+ 35. Kh3 Rxf5 36. Qxf5 Kg8 37. Qe6+ Kh7 38. Qf5+ Kg8 39. Qe6+ Kh7 40. Qf5+ Kg8 1/2-1/2

[Event "Motiva Online Blitz (Women)"]
[Site "Chess.com INT"]
[Date "2021.12.18"]
[Round "11"]
[White "Venskaya, Nika"]
[Black "Kiseleva, Arina"]
[Result "0-1"]
[WhiteElo "1296"]
[BlackElo "1962"]
[PlyCount "68"]
[EventDate "2021.12.18"]
[EventType "swiss (blitz)"]
[EventRounds "13"]
[EventCountry "USA"]
[SourceTitle "CBM 205 Extra"]
[Source "ChessBase"]
[SourceDate "2022.01.31"]
[SourceVersion "1"]
[SourceVersionDate "2022.01.31"]
[SourceQuality "1"]

1. d4 e6 2. Nf3 Nf6 3. e3 c5 4. b3 Be7 5. Bb2 0-0 6. Nbd2 b6 7. Bd3 Bb7 8. 0-0 d6 9. c4 Nbd7 10. Qc2 h6 11. Rad1 Qc7 12. e4 cxd4 13. Nxd4 a6 14. N2f3 Rac8 15. a3 Nc5 16. b4 Nxd3 17. Qxd3 Bxe4 18. Qe3 Qxc4 19. Rc1 Qd5 20. Ne1 Rxc1 21. Bxc1 Ng4 22. Qd2 e5 23. Ndf3 Qxd2 24. Bxd2 Rc8 25. h3 Nf6 26. Be3 b5 27. Nd2 Bd5 28. Nef3 Rc3 29. Nb1 Rb3 30. Nfd2 Rb2 31. Rc1 Bc4 32. Nxc4 bxc4 33. Nd2 d5 34. Bb6 Rxd2 0-1